000 01034nam0a22002651 4500
001 rc\3373282
005 20250609185034.0
035 _a(NLR Aleph) 007448345
090 _a7189613
_c7189613
100 _a20130115d1969 |||y0rusy50 ca
101 0 _arus
102 _aRU
105 _ay z |||||
200 1 _aОбзор практики производства следоведческих экспертиз в криминалистических подразделениях органов внутренних дел
_fОперативно-техн. упр. МВД СССР
210 _aМосква
_cБ. и.
_d1969
215 _a14 с.
_d21
300 _aВ вып. дан.: подготовили Абакумов С.С. и Громов В.В.
333 _aДля служебного пользования. Экз. № 695
700 1 _aАбакумов
_bС.С.
701 1 _aГромов
_bВ.В.
801 0 _aRU
_bNLR
_gpsbo
801 1 _aRU
_bELAR
_2rusmarc
852 _aNLR
_j50К/23180
942 _cBOOK
980 _aNB